000 00432nab a2200145Ia 4500
003 ES-SlBCS
005 20210601133829.0
008 140529s1996 xxu||||| |||| 00| 0 por d
041 _apor
100 1 _aNiskier, Arnaldo
_9210289
245 0 0 _aÉtica judaica e a vontade de Javé
_c Arnaldo Niskier
650 0 4 _aÉtica Judía
_9210290
773 0 _tPresença Filosofica
_gvol. 21, nº. 1-2, 1996, págs. 48-58
_wRev966
942 _cAR
999 _c602792
_d602792